书目信息 |
| 题名: |
光电管原理和制造
|
|
| 作者: | 戴朝沛 编 | |
| 分册: | ||
| 出版信息: | 上海 上海科学技术出版社 1959 |
|
| 页数: | 37页 | |
| 开本: | 20cm | |
| 丛书名: | ||
| 单 册: | ||
| 中图分类: | O482.7 | |
| 科图分类: | ||
| 主题词: | 固体物理学 | |
| 电子资源: | ||
| ISBN: | ||
| 000 | 00543nam0 2200193 450 | |
| 001 | 0641892236 | |
| 005 | 20060511114206.53 | |
| 010 | @dCNY0.19 | |
| 100 | @a20060511d1959 km y0chiy0120 ea | |
| 101 | 0 | @achi |
| 102 | @aCN@b310000 | |
| 200 | 1 | @a光电管原理和制造@Aguang dian guan yuan li he zhi zao@f戴朝沛等编@Fdai chao pei deng bian |
| 210 | @a上海@c上海科学技术出版社@d1959 | |
| 215 | 1 | @a37页@d20cm |
| 606 | 0 | @a固体物理学 |
| 690 | @aO482.7@v4 | |
| 701 | 0 | @a戴朝沛@Adai chao pei@4编 |
| 801 | 0 | @aCN@bPFT@c20060511 |
| 905 | @a10447@dO482.7@e6 | |
| 光电管原理和制造/戴朝沛等编.-上海:上海科学技术出版社,1959 |
| 37页;20cm |
| ISBN :CNY0.19 |
| ● |
| 相关链接 |
|
|
|
|
正题名:光电管原理和制造
索取号:O482.7/6
 
预约/预借
| 序号 | 登录号 | 条形码 | 馆藏地/架位号 | 状态 | 备注 |
| 1 | 0016609 | 202321512 | 密集书库/ [索取号:O482.7/6] | 在馆 |